000 00580nam a2200241Ia 4500
008 210210b2002 xxu||||| |||| 00| 0 eng d
020 _a8173714096
041 _aeng
082 _a597.0929 DANI
100 _aDANIELS (R J Ranjit)
245 _aIndia a lifescape: freshwater fishes of peninsular India
260 _aHyderabad
_bUniversities Press
_c2002
300 _aii--288
650 _apeninsular
650 _aof
650 _alifescape
650 _aIndia
650 _afreshwater
650 _afishes
650 _aa
690 _aFishes
906 _a063108
999 _c132859
_d132859